Dimensiones sociales del desarrollo
Guardat en:
| Autor principal: | |
|---|---|
| Autor corporatiu: | |
| Format: | Llibre |
| Idioma: | espanyol |
| Publicat: |
Nueva York
ONU
1970
|
| Matèries: | |
| Etiquetes: |
Afegir etiqueta
Sense etiquetes, Sigues el primer a etiquetar aquest registre!
|
MARC
| LEADER | 00000nam a2200000 a 4500 | ||
|---|---|---|---|
| 001 | UCY7716 | ||
| 003 | CL-VaPUC | ||
| 008 | 950616e19700000US |||||||||||||||||spa|d | ||
| 082 | 0 | 4 | |a 361.25 |b PAJ |2 21 |
| 100 | |a Pajestka, Josef |e autor |9 338428 | ||
| 110 | 2 | |a Centro de Información Económica y Social de las Naciones Unidas |e author |9 338429 | |
| 245 | 1 | 0 | |a Dimensiones sociales del desarrollo |
| 300 | |a 48 p | ||
| 942 | |c BK | ||
| 945 | |d 19950616 00:00:00 |a cmena | ||
| 260 | |a Nueva York |b ONU |c 1970 | ||
| 650 | 0 | |a Desarrollo económico y social |9 256320 | |
| 650 | 0 | |a Cambio social |9 256857 | |
| 650 | 0 | |a Países en desarrollo |9 259663 | |
| 650 | 7 | |a SUBDESARROLLO |2 CL-VaPUC |9 337696 | |
| 650 | 0 | |a Justicia social |9 314874 | |
| 650 | 0 | |a Planificación del desarrollo |9 326796 | |
| 650 | 0 | |a Sociedad contemporánea |9 337179 | |
| 583 | |a last modification |c 19950616 00:00:00 |k Rodrigo Vera | ||
| 999 | |c 235038 |d 235036 | ||
| 952 | |0 0 |1 0 |4 0 |6 361_250000000000000_PAJ_1970 |7 0 |8 P |9 242148 |a BIBEDU |b BIBEDU |c BIBEDU_PB |d 2019-11-18 |i 1521284 |o 361.25 PAJ 1970 |p 1521284 |r 2024-01-25 |w 2019-11-18 |y BK |k EDU | ||